000 00738nam a2200277Ia 4500
003 OSt
005 20220918221246.0
006 a|||||r|||| 00| 0
007 ta
008 220917b |||||||| |||| 00| 0 eng d
024 _a149,037
037 _cTextual
040 _aARTS
_cARTS
_beng
041 _2eng
_aeng
082 _aT0Y1.73, J0;K7
100 _aHavighurst Robert J
245 0 _aSociety and education
250 _a4th
260 _aBoston
_bAllyn and Bacon
_c1975
300 _a510p.
_ccm.
500 _aBib 471-504p
650 _aEDUCATION
700 _a Neugarten Bernice L
_992387
942 _hT0Y1.73, J0;K7
_cTEXL
_2CC
999 _c271711
_d271711